Hidratos de carbono / Rosa m. Lederkremer y Oscar Valera (Registro nro. 4182)

Detalles MARC
000 -LEADER
fixed length control field 00515nam a22001931a 4500
001 - CONTROL NUMBER
control field 4182
003 - CONTROL NUMBER IDENTIFIER
control field OSt
005 - DATE AND TIME OF LATEST TRANSACTION
control field 20260204211919.0
008 - FIXED-LENGTH DATA ELEMENTS--GENERAL INFORMATION
fixed length control field 050730s1988||||ag ||||||b||||||||||spa||
050 ## - LIBRARY OF CONGRESS CALL NUMBER
Classification number 547 L499h
100 ## - ASIENTO PRINCIPAL -- NOMBRE PERSONAL
Personal name De Lederkremer, Rosa M.
245 ## - TÍTULO PROPIAMENTE DICHO: SUBTÍTULO
Title Hidratos de carbono / Rosa m. Lederkremer y Oscar Valera
264 ## - PRODUCTION, PUBLICATION, DISTRIBUTION, MANUFACTURE, AND COPYRIGHT NOTICE
Place of production, publication, distribution, manufacture Argentina: Editora Eva
300 ## - PHYSICAL DESCRIPTION
Extensión 144 p
490 ## - MENCIÓN DE SERIE
Series statement Serie de química: Monografía No. 22
650 ## - ASIENTO SECUNDARIO DE MATERIA -- TERMINO TEMÁTICO
Termino Temático Como Elemento de Entrada 1.Química Orgánica
651 ## - ASIENTO SECUNDARIO DE MATERIA -- NOMBRE GEOGRÁFICO
Geographic name Valera, OscarÌ
942 ## - ADDED ENTRY ELEMENTS (KOHA)
Source of classification or shelving scheme Dewey Decimal Classification
Koha item type Libros
Existencias
Withdrawn status Lost status Source of classification or shelving scheme Damaged status Not for loan Current library Date acquired Total Checkouts Full call number Barcode Date last seen Price effective from Koha item type
    Dewey Decimal Classification     Biblioteca UTECO 09/09/2019   547 L499H 008976 09/09/2019 09/09/2019 Libros
© 2021 Derechos Reservados UTECO - Teléfono: +1 809-585-2291 - Correo electrónico: biblioteca@uteco.edu.do​  
Código postal 43000 ​​
Dirección: Avenida Universitaria No. 100, 
Cotuí, Provincia Sánchez Ramírez, República Dominicana - RNC: 404-00059-6